Migration and landscape transformation : changes in East Central Europe in the 19th and 20th century /

Další autoři: Zückert, Martin, 1973-, Hein-Kircher, Heidi, 1969-
Jazyk: Angličtina
Vydáno: Göttingen : Vandenhoeck & Ruprecht, [2016]
Edice: Veröffentlichungen des Collegium Carolinum
Témata:
Fyzický popis: ix, 204 stran : ilustrace, mapy, plány ; 24 cm
Knihy
Uloženo v:
LEADER 02162nam a2200517 i 4500
001 001548185
003 CZ BrMZK
005 20210823090752.0
007 ta
008 161018t20162016gw abe f 000 0 eng
020 |a 978-3-525-37313-2  |q (vázáno) 
040 |a BOA001  |b cze  |e rda 
043 |a ec-----  |a ee----- 
072 7 |a 502  |x Životní prostředí a jeho ochrana  |2 Konspekt  |9 2 
080 |a 502.5:712.2  |2 MRF 
080 |a 502.5:712.2(091)  |2 MRF 
080 |a 502.11(091)  |2 MRF 
080 |a 314.151  |2 MRF 
080 |a 314.151(091)  |2 MRF 
080 |a 314.15-026.44  |2 MRF 
080 |a 94(4-191.2)+(4-11)  |2 MRF 
080 |a (048.8:082)  |2 MRF 
245 0 0 |a Migration and landscape transformation :  |b changes in East Central Europe in the 19th and 20th century /  |c edited by Martin Zückert and Heidi Hein-Kircher 
264 1 |a Göttingen :  |b Vandenhoeck & Ruprecht,  |c [2016] 
264 4 |c ©2016 
300 |a ix, 204 stran :  |b ilustrace, mapy, plány ;  |c 24 cm 
336 |a text  |b txt  |2 rdacontent 
337 |a bez média  |b n  |2 rdamedia 
338 |a svazek  |b nc  |2 rdacarrier 
490 1 |a Veröffentlichungen des Collegium Carolinum ;  |v Band 134 
504 |a Obsahuje bibliografické odkazy 
650 0 7 |a využití krajiny  |7 ph561145  |z Evropa střední a východní  |2 czenas 
650 0 7 |a využití krajiny  |7 ph561145  |x dějiny  |2 czenas 
650 0 7 |a environmentální dějiny  |7 ph214639  |z Evropa střední a východní  |2 czenas 
650 0 7 |a nucené vystěhování  |7 ph123360  |z Evropa střední a východní  |2 czenas 
650 0 7 |a nucené vystěhování  |7 ph123360  |x dějiny  |2 czenas 
651 7 |a Evropa střední a východní  |7 ge128476  |x emigrace a imigrace  |2 czenas 
651 7 |a Evropa střední a východní  |7 ge128476  |x dějiny  |2 czenas 
655 7 |a kolektivní monografie  |7 fd501537  |2 czenas 
700 1 |a Zückert, Martin,  |d 1973-  |7 xx0059348  |4 edt 
700 1 |a Hein-Kircher, Heidi,  |d 1969-  |7 mub2011623080  |4 edt 
830 0 |a Veröffentlichungen des Collegium Carolinum  |0 s 
910 |a BOA001  |b 2-1376.325 
990 |a BK 
991 |b 201611  |c NOV 
996 6 |b 2610684959  |c 2-1376.325  |l MZK  |r STM 6p  |n 0  |p kupz  |h 502 MIG  |w 001583775  |u 000010  |a 0  |e BOA001  |j MZK50  |s P